000 02028cam a2200541 a 4500
001 21974
003 VRT
005 20260317074224.0
008 240621s1996 xo cr 000 j slo
015 _aSNBA1996/1002908
020 _a8006006849
035 _aSNK000162633
035 _aurn:nbn:sk:snk-amkf7c
035 _aurn:nbn:sk:snk-am003ukz
035 _a63799BEC-5E0B-46D1-B274-D34505662F47
039 9 _a202407091330
_bAUTHORITY
_c202406240949
_dmsnk24
_c202406211114
_dVLOAD
_c202406200853
_dVLOAD
040 _aSNK
_bslo
_cSNK
_eAACR2
041 1 _aslo
_hger
044 _axo
_cSK
072 7 _a821.112.2-3
_xNemecká próza, nemecky písaná
_2konspekt
072 7 _a821-93
_xLiteratúra pre deti a mládež (beletria)
_2konspekt
080 _a821.112.2(436)-3(087.5)
_22001
080 _a821.112.2-32
_22011
080 _a(0:82-322.4)
_22011
080 _a82-93-053.4/.5
_22011
100 1 _aFriedrich, Joachim,
_d1953-
_4aut
240 1 0 _a4 ½ Freude
_lSlovensky
245 1 0 _aNa horúcej stope
_b4 1/2 priateľa
_cJoachim Friedrich ; preložila Marta Ličková
246 3 _aVier ½ Freude
260 _aBratislava
_bMladé letá
_c1996
300 _a128 s.
_c21 cm
500 _aPravdepodobne preložené z nemčiny
521 1 _aPre čitateľov od 9 rokov
655 7 _anemecké príbehy
_2SNKPH
655 7 _adetektívne príbehy
_2SNKPH
655 7 _aliteratúra pre deti
_2SNKPH
700 1 _aLičková, Marta,
_d1926-
_4trl
911 _aKN 1996/10
_b02908
942 _2ddc
_cKLDE
_n0
949 _6273K0231536
_asvkpoA 167928
_bsvkpo417124
949 _6270001000028432
_asvkbbA 91466
_p603.171
949 _63869A08966
_abpksh830(02.053.2)-31
_bbpksh44782
949 _9P60, <09>, [BOOK], {629}
_asnkC 1204
_bsnk2266/960717
949 _617A0006353
_9P60, <03>, [BOOK], {603}
_asnkSC 90826
_bsnkKSP 5567/96
_s6100:20140925
949 _617A0006352
_9P60, <04>, [BOOK], {604}
_asnkSC 90826 D1
_bsnkKSP 5568/96
999 _c21974
_d21974